Countries that Start with D - Statistics

General Stats
  • This quiz has been taken 44 times
  • The average score is 4 of 5
Answer Stats
Answer % Correct
Denmark
100%
Dominican Republic
92%
Djibouti
85%
Dominica
79%
Congo
54%
No matching quizzes found
Score Distribution
Percent of People with Each Score
Percentile by Number Answered
Your Score History
You have not taken this quiz